|
|
|
|
| LEADER |
00000nam2a2200000 4500 |
| 001 |
41075 |
| 005 |
20231031013709.0 |
| 010 |
|
|
|a 593871009X
|
| 035 |
|
|
|a (RuTPU)RU\TPU\book\42143
|
| 090 |
|
|
|a 41075
|
| 100 |
|
|
|a 20020604d2001 k y0rusy50 ca
|
| 101 |
1 |
|
|a rus
|c ita
|
| 102 |
|
|
|a RU
|
| 105 |
|
|
|a a z 000zy
|
| 200 |
0 |
|
|a Т. 1
|
| 210 |
|
|
|d 2001
|
| 215 |
|
|
|a 384 с.
|c ил.
|
| 461 |
|
1 |
|0 (RuTPU)RU\TPU\book\43567
|t Кино, театр, бессознательное
|o Пер. с ит.
|f А. Менегетти
|v Т. 1
|d 2001
|
| 610 |
1 |
|
|a психология
|
| 610 |
1 |
|
|a творчество
|
| 610 |
1 |
|
|a кино
|
| 610 |
1 |
|
|a театр
|
| 610 |
1 |
|
|a бессознательное
|
| 610 |
1 |
|
|a онтопсихология
|
| 610 |
1 |
|
|a искусство
|
| 610 |
1 |
|
|a синемалогия
|
| 686 |
|
|
|a Ю945.4
|v LBC/SL-A
|2 rubbk
|
| 801 |
|
1 |
|a RU
|b 63413507
|c 20020604
|g PSBO
|
| 801 |
|
2 |
|a RU
|b 63413507
|c 20120528
|g PSBO
|
| 942 |
|
|
|c BK
|